Artificial Intelligence with Python: (Record no. 595347)
[ view plain ]
| 000 -LEADER | |
|---|---|
| fixed length control field | 00512nam a22001577a 4500 |
| 020 ## - INTERNATIONAL STANDARD BOOK NUMBER | |
| International Standard Book Number | 9781839219535 |
| 040 ## - CATALOGING SOURCE | |
| Transcribing agency | NUST |
| 082 ## - DEWEY DECIMAL CLASSIFICATION NUMBER | |
| Classification number | 005.133 JOS |
| 100 ## - MAIN ENTRY--PERSONAL NAME | |
| Personal name | Artasanchez, Alberto |
| 9 (RLIN) | 113908 |
| 110 ## - MAIN ENTRY--CORPORATE NAME | |
| Corporate name or jurisdiction name as entry element | Joshi, Prateek |
| 9 (RLIN) | 113909 |
| 245 ## - TITLE STATEMENT | |
| Title | Artificial Intelligence with Python: |
| Remainder of title | Your complete guide to building intelligent apps using python 3.x |
| 250 ## - EDITION STATEMENT | |
| Edition statement | Second Edition |
| 260 ## - PUBLICATION, DISTRIBUTION, ETC. | |
| Place of publication, distribution, etc. | BIRMINGHAM: |
| Name of publisher, distributor, etc. | Packt publishing, |
| Date of publication, distribution, etc. | 2020. |
| 650 ## - SUBJECT ADDED ENTRY--TOPICAL TERM | |
| Topical term or geographic name entry element | Artificial Intelligence with python |
| 9 (RLIN) | 113910 |
| 942 ## - ADDED ENTRY ELEMENTS (KOHA) | |
| Source of classification or shelving scheme | |
| Koha item type | Text Books |
| Withdrawn status | Lost status | Source of classification or shelving scheme | Damaged status | Not for loan | Permanent Location | Current Location | Shelving location | Date acquired | Total Checkouts | Full call number | Barcode | Date last seen | Price effective from | Koha item type |
|---|---|---|---|---|---|---|---|---|---|---|---|---|---|---|
| College of Electrical & Mechanical Engineering (CEME) | College of Electrical & Mechanical Engineering (CEME) | Text Books | 08/02/2023 | 005.133 JOS | CEME-50912 | 08/02/2023 | 08/02/2023 | Text Books |
